| 000 | 00484nam a2200157Ia 4500 | ||
|---|---|---|---|
| 008 | 220216s9999 xx 000 0 und d | ||
| 100 | _aThomas M. | ||
| 245 | 2 | _aA simple and efficient method for the isolation of total RNA and mRNA from mature leaves of Hevea brasiliensis | |
| 260 |
_bIndian Journal of Natural Rubber Research _c2002 |
||
| 300 | _a93-95 | ||
| 650 | _aLeaf tissue | ||
| 650 | _aRNA isolation | ||
| 700 | _aJacob J.[a] | ||
| 700 | _aRaghothama K.G. | ||
| 942 | _cBS | ||
| 999 |
_c48791 _d48791 |
||